[Event "Charleroi op 4th"]
[Site "Charleroi"]
[Date "2005.07.31"]
[Round "2"]
[White "Detraux, Denis"]
[Black "Georges, Benoit"]
[Result "1/2-1/2"]
[WhiteElo "1573"]
[BlackElo "1776"]
[PlyCount "47"]
[EventDate "2005.07.30"]
[EventType "swiss"]
[EventRounds "9"]
[EventCountry "BEL"]
[SourceTitle "EXT 2006"]
[Source "ChessBase"]
[SourceDate "2005.11.24"]
[SourceVersion "1"]
[SourceVersionDate "2005.11.24"]
[SourceQuality "1"]

1. e4 Nf6 2. e5 Nd5 3. c4 Nb6 4. d4 d6 5. exd6 cxd6 6. Nc3 g6 7. Nf3 Bg7 8. Be3 0-0 9. h3 Nc6 10. Qd2 Bf5 11. g4 Bc8 12. Bh6 Re8 13. Bxg7 Kxg7 14. d5 Nb8 15. 0-0-0 Na6 16. h4 Kg8 17. h5 e5 18. hxg6 fxg6 19. Bd3 Re7 20. Qg5 Qf8 21. Rh3 Qf4+ 22. Qxf4 exf4 23. Rh4 Nc5 24. Bc2 1/2-1/2

[Event "Charleroi op 2nd"]
[Site "Charleroi"]
[Date "2003.08.28"]
[Round "7.33"]
[White "Detraux, Denis"]
[Black "Georges, Benoit"]
[Result "1/2-1/2"]
[WhiteElo "1230"]
[BlackElo "1756"]
[PlyCount "41"]
[EventDate "2003.08.23"]
[EventType "swiss"]
[EventRounds "9"]
[EventCountry "BEL"]
[SourceTitle "EXT 2004"]
[Source "ChessBase"]
[SourceDate "2003.11.25"]
[SourceVersion "1"]
[SourceVersionDate "2003.11.25"]
[SourceQuality "1"]

1. e4 d5 2. exd5 Qxd5 3. Nc3 Qa5 4. d4 Nf6 5. Bd2 c6 6. Ne4 Qb6 7. Nxf6+ gxf6 8. Bc3 Bf5 9. Bd3 Bg6 10. Ne2 Nd7 11. Qd2 Qc7 12. 0-0-0 e6 13. Kb1 Bxd3 14. Qxd3 0-0-0 15. Qe3 Nb6 16. Qf4 Qxf4 17. Nxf4 Bh6 18. Nh5 Nd7 19. d5 Rhg8 20. dxe6 fxe6 21. g3 1/2-1/2